الكون المطلق من اللامتناهي في الصغر الى اللامتناهي في الكبر / (رقم التسجيلة. 137022)

تفاصيل مارك
000 -LEADER
fixed length control field 00539nam a22001577a 4500
005 - DATE AND TIME OF LATEST TRANSACTION
control field 20251108175548.0
008 - FIXED-LENGTH DATA ELEMENTS--GENERAL INFORMATION
fixed length control field 250721s2018 xx 000 0 ara d
082 14 - DEWEY DECIMAL CLASSIFICATION NUMBER
Classification number 523.1/بشا
100 1# - MAIN ENTRY--PERSONAL NAME
Personal name بشارة، جواد خلف
245 10 - TITLE STATEMENT
Title الكون المطلق من اللامتناهي في الصغر الى اللامتناهي في الكبر /
264 1# - PRODUCTION, PUBLICATION, DISTRIBUTION, MANUFACTURE, AND COPYRIGHT NOTICE
Place of production, publication, distribution, manufacture عمان :
Name of producer, publisher, distributor, manufacturer دار المناهج للنشر والتوزيع،
Date of production, publication, distribution, manufacture, or copyright notice 2018.
300 ## - PHYSICAL DESCRIPTION
Extent 392ص.
650 17 - SUBJECT ADDED ENTRY--TOPICAL TERM
Topical term or geographic name as entry element علم الكونيات
942 ## - ADDED ENTRY ELEMENTS (KOHA)
Source of classification or shelving scheme Dewey Decimal Classification
Koha item type كتب
المقتنيات
حالة السحب حالة الفقدان مصدر التصنيف حالة التلف غير قابل للإعارة المكتبة الرئيسية المكتبة الحالية موقع الرف تاريخ التزويد الرقم المتسلسل Total Checkouts رقم الإستدعاء الباركود تاريخ آخر ظهور تاريخ الفاتورة نوع المادة (كوها)
    Dewey Decimal Classification     المكتبة المركزية المكتبة المركزية الإعارة 28/07/2025 1677994   523.1/بشا PLD00417624 28/07/2025 28/07/2025 كتب
    Dewey Decimal Classification     مكتبة أم قصير والمقابلين العامة مكتبة أم قصير والمقابلين العامة الإعارة 15/08/2018 1677998   523.1/بشا PLD00427614 28/07/2025 15/08/2018 كتب
    Dewey Decimal Classification     مكتبة الجويدة مكتبة الجويدة الإعارة 15/08/2018 1677997   523.1/بشا PLD00427613 28/07/2025 15/08/2018 كتب
    Dewey Decimal Classification     مكتبة الحسن العامة مكتبة الحسن العامة الإعارة 15/08/2018 1677996   523.1/بشا PLD00427612 28/07/2025 15/08/2018 كتب
    Dewey Decimal Classification     مكتبة صويلح العامة مكتبة صويلح العامة الإعارة 15/08/2018 1677995   523.1/بشا PLD00427611 28/07/2025 15/08/2018 كتب
Implemented & Customized by: BBB with SCIT (Smart Chains for Information Technology)

Powered by Koha